|
|
|
|
| LEADER |
00000nam a22000007a 4500 |
| 005 |
20190410130442.0 |
| 007 |
cr|||| |||| |
| 008 |
190410s2016 es |||||s|||| 00||0 spa d |
| 020 |
|
|
|a 978-84-946077-1-4
|
| 035 |
|
|
|a 23171
|
| 040 |
|
|
|a vLex
|
| 090 |
|
|
|c 8580
|d 8580
|
| 100 |
1 |
|
|a Martn̕ez Rodrg̕uez, Jos ̌Antonio
|
| 245 |
1 |
2 |
|a La responsabilidad causada por animales sueltos
|h [Recurso electrn̤ico] /
|c Jos ̌Antonio Martn̕ez Rodrg̕uez, Mara̕ Angľica Moreno Cabello
|
| 256 |
|
|
|a Servicio en ln̕ea
|
| 260 |
|
|
|a Barcelona:
|b J.M. Bosch Editor,
|c 2016
|
| 300 |
|
|
|a 1 recurso electrn̤ico
|
| 506 |
1 |
|
|a Disponible solo en los productos indicados
|d vLex Global
|d vLex Global (Academic Edition, excluding Law Schools)
|d vLex Global (U.S. Academic Edition, Law Schools)
|d vLex Global (U.S. Academic Edition, excluding Law Schools)
|d vLex Global (Academic Edition, Law Schools)
|
| 650 |
0 |
4 |
|a Derecho Civil
|z Espaą
|
| 700 |
1 |
|
|a Moreno Cabello, Mara̕ Angľica
|
| 740 |
0 |
|
|a vLex Libros (Servicio en ln̕ea)
|
| 856 |
4 |
0 |
|u http://vlex.com/source/responsabilidad-causada-animales-sueltos-23171
|z Acceso restringido
|
| 942 |
|
|
|c BOOK
|
| 999 |
0 |
|
|a Civil Law
|